|
|
|
|
| LEADER |
00914nam a2200229 a 4500 |
| 001 |
4571408 |
| 008 |
090622s1975 caua b 001 0 eng d |
| 010 |
|
|
|a 74083122
|
| 020 |
|
|
|a 0534003591
|
| 040 |
|
|
|a DLC
|c DLC
|d DLC
|
| 082 |
0 |
0 |
|a 658.8/00973
|
| 100 |
1 |
|
|a Stuteville, John R.
|
| 245 |
1 |
0 |
|a Marketing in a consumer-oriented society /
|c John R. Stuteville, Marc D. Roberts.
|
| 260 |
|
|
|a Belmont, Calif. :
|b Wadsworth Pub. Co.,
|c [1975]
|
| 300 |
|
|
|a 364 p. :
|b ill. ;
|c 27 cm.
|
| 504 |
|
|
|a Includes bibliographical references and index.
|
| 541 |
1 |
|
|a 00001490
|
| 650 |
|
0 |
|a Marketing
|z United States.
|
| 700 |
1 |
|
|a Roberts, Marc D.,
|e joint author.
|
| 852 |
4 |
|
|a Ayesha Abed Library
|j General Shelf
|
| 999 |
|
|
|c 1856
|d 1856
|
| 952 |
|
|
|0 0
|1 0
|2 ddc
|4 0
|6 658_800973000000000_STU
|7 0
|9 1698
|a BRACUL
|b BRACUL
|c GEN
|d 2009-06-29
|g 0.00
|l 0
|o 658.800973 STU
|p 3010001490
|r 2009-06-29
|t 1
|w 2009-06-29
|y BK
|x No price found in the accession register.
|